[Event "Voronezh m"]
[Site "Voronezh"]
[Date "2003.06.13"]
[Round "2"]
[White "Chernyshov, Konstantin"]
[Black "Svidler, Peter"]
[Result "0-1"]
[WhiteElo "2524"]
[BlackElo "2713"]
[Annotator "Hazai,L"]
[PlyCount "108"]
[EventDate "2003.06.12"]
[EventType "match"]
[EventRounds "4"]
[EventCountry "RUS"]
[SourceTitle "CBM 096"]
[Source "ChessBase"]
[SourceDate "2003.09.25"]
[SourceVersion "1"]
[SourceVersionDate "2003.09.25"]
[SourceQuality "1"]

1. d4 Nf6 2. c4 g6 3. Bg5 {This is mainly an Anti-Grunfeld idea.} Bg7 (3... Ne4
$5) 4. Nc3 c5 (4... h6 {was played in the fourth game of the match.}) 5. d5 h6
(5... b5 $5 {- Riazantsev-Nevostrujev, Russia ch Krasnodar 2002 CBM 91}) 6. Bf4
(6. Bh4) 6... d6 7. e4 Nh5 {The idea with the following exchange on c3 looks a
bit odd, although there were some games recently with similar ideas in the Bg5
line.} (7... O-O {looks more natural.} 8. Be2 {transposes to the Averbakh
Variation E74.} (8. Bd3 {- Hort-Zuger, Prague 1996 CBM 54}) (8. Qd2 g5 {
and White cannot avoid the exchange of his important B.} 9. Bg3 (9. Be3 Ng4)
9... Nh5) (8. Nf3 Re8 9. Be2 e6 10. dxe6 Bxe6 11. Bxd6 $44 {transposes to the
Averbakh Variation E74.}) (8. h3 Re8 9. Bd3 e6 10. Nge2 exd5 11. exd5 {In this
P structure the N belongs to f3 and the B to e3.} (11. cxd5 c4 12. Bc2 b5 $40 {
Reshevsky}) 11... Nh5 $5 (11... a6 12. O-O Qe7 13. Qd2 Qf8 14. a4 Nbd7 15. b3
Nh5 16. Bh2 Ne5 17. Bc2 f5 18. a5 $1 {fixing the weaknesses on the << for the
_|_.} Nf7 19. Rab1 $16 {Larsen-Reshevsky, Santa Monica 1966 2/638}) 12. Bh2 Qg5
$132)) (7... Qa5 8. Bd2) (7... Qb6 8. Qc1 {keeping the way back opened for the
B.} (8. Qd2 g5 9. Bg3 Nh5) 8... e6 9. Nf3 exd5 10. cxd5 O-O 11. Nd2 Re8 12. Be2
Nxe4 $1 {This is a typical Benoni blow!} 13. Ndxe4 Rxe4 14. Nxe4 Bxb2 15. Nf6+
Bxf6 16. Rb1 Qd8 17. Bxh6 Nd7 {Black has got only one P for the exchange, but
his pieces rapidly come out of passivity.} 18. O-O Nb6 19. Rd1 Na4 20. Rb3 a6
21. Rg3 b5 22. Bd3 Kh7 23. Qf4 Ra7 $44 {H.Gruenberg-Moldovan, Stara Zagora (zt)
1990 49/(704)}) (7... a6 8. a4 {hindering any b7-b5 ideas typical for the
Benko Gambit.}) 8. Be3 (8. Bd2 {avoiding the text was a real alternative.} e5
9. g3 $1 {Now the N is completely misplaced on the edge of the board.} Nf6 10.
h4 (10. Bh3 Bxh3 11. Nxh3 Nbd7 (11... Qd7 12. Ng1) 12. f3 {and the exchange of
the light-squared B is favourable for White from strategical point of view.})
10... h5 11. Qc1 {against Bh6} Ng4 (11... Ng8 $6 {Gheorghiu} 12. f4 $14) 12. f3
Nh6 13. Bh3 f6 $1 14. Bxc8 (14. Be6 $6 Bxe6 15. dxe6 Ke7 $1 $17) 14... Qxc8 15.
Nh3 Nf7 $13 {Psakhis-Gheorghiu, Palma de Mallorca 1989 48/771}) 8... Bxc3+ 9.
bxc3 Qa5 {Black gave up the important fianchettoed B for some weak pawns on
the <<. It is hard to say that it looks a good business.} 10. Qb3 Nd7 11. Be2
$6 {The N was badly placed on h5, he would leave anyway.} (11. Nf3 {looks
simple and strong.} Nhf6 (11... Ndf6 12. Bd3) 12. Bd3 Ng4 13. Bf4 $14) 11...
Nhf6 12. f3 {Be2 and f3 do not harmonize together.} e5 {Black wants to close
the position against White's ^^.} 13. dxe6 {Now Black can breethe more freely.}
({In case of} 13. Bd3 {Black will try to organize a counterplay on the <<
against the doubled pawns.} Nb6 14. Ne2 Bd7 15. O-O Ba4 (15... Rb8 16. Kh1 Na4
17. f4 Ng4 18. Bd2 $36) 16. Qb2 Qa6 {>< c4} 17. Qc1 h5 18. Bg5 Nfd7 19. f4 f6 {
repelling the first wawe of the ->.}) 13... fxe6 14. Rd1 Qc7 15. Nh3 Ne5 (15...
e5 $6 {runs into} 16. Nf2 (16. Qa4 Ke7 17. Nf2 Nb6) (16. O-O g5) 16... Nb6 17.
f4 $36) 16. Qc2 (16. O-O Bd7 17. Rd2 O-O-O) 16... Bd7 17. f4 $6 {This idea
with the following breakthrough in the [+] is unjustified.} (17. O-O) 17...
Neg4 18. e5 $6 O-O-O $1 {This is the strong reply!} 19. Bc1 dxe5 20. O-O {
White sacrifices the P, but he has no real counterplay for it.} (20. Qxg6 Rhg8)
20... exf4 21. Bxf4 e5 $17 22. Bg3 Bf5 $1 {and the rest is not interesting.} (
22... Ne3 23. Qxg6 Nxd1 24. Bxd1 Nh7 25. Rf7) 23. Bxg4 Nxg4 24. Qe2 Rhe8 25.
Nf2 Rxd1 26. Nxd1 Qc6 27. h3 Nf6 28. Ne3 Bd7 29. Bh2 h5 30. Qf2 Ne4 31. Qc2 h4
32. Rf7 Nd6 33. Rf6 Qe4 34. Qxe4 Nxe4 35. Rxg6 Nxc3 36. Rg5 Nxa2 37. Bxe5 Nb4
38. Ng4 Nd3 39. Bc3 Bc6 40. Nf2 Nf4 41. Be5 Nxg2 $19 42. Nd3 Ne3 43. Rg7 Nxc4
44. Bf4 Nb6 45. Nxc5 Nd5 46. Bg5 a5 47. Bxh4 a4 48. Bf2 b6 49. Nd3 Re2 50. Bg3
a3 51. Ne5 a2 52. Ra7 Nb4 53. Kf1 Bb5 54. Kg1 Na6 0-1

[Event "RUS-ch 56th"]
[Site "Krasnoyarsk"]
[Date "2003.09.03"]
[Round "1"]
[White "Svidler, Peter"]
[Black "Shcherbakov, Ruslan"]
[Result "1-0"]
[WhiteElo "2723"]
[BlackElo "2555"]
[Annotator "Gofshtein,L"]
[PlyCount "51"]
[EventDate "2003.09.03"]
[EventType "swiss"]
[EventRounds "9"]
[EventCountry "RUS"]
[SourceTitle "CBM 098"]
[Source "ChessBase"]
[SourceDate "2004.02.03"]
[SourceVersion "1"]
[SourceVersionDate "2004.02.03"]
[SourceQuality "1"]

1. e4 {[%mdl 4] Ftacnik} c5 2. Nf3 Nc6 3. d4 cxd4 4. Nxd4 Nf6 5. Nc3 d6 6. Bg5
Bd7 7. Qd2 Rc8 8. f4 Nxd4 9. Qxd4 Qa5 10. e5 $5 {The main line of this
variation, which allows white to fight for the initiative. The calmer 10.0-0-0
as it is well known gives black counterchances after 10...Rc3} (10. O-O-O Rxc3
$5 11. bxc3 e5 12. Qb4 Qxb4 13. cxb4 Nxe4 14. Bh4 g5 $44 {1/2-1/2 Tukmakov,
V-Ubilava,E/URS 1973/EXT 2001 (25)}) 10... dxe5 11. fxe5 e6 12. O-O-O Bc6 {
Practically forced move, as the practice showed that 12...Rc3 is not
sufficient, for example:} (12... Rxc3 13. Bd2 Qxa2 14. Bxc3 g6 15. b4 $1 Nd5
16. Bc4 Bh6+ 17. Rd2 Qa3+ 18. Bb2 Qxb4 19. Bxd5 Qxd2+ 20. Qxd2 Bxd2+ 21. Kxd2
exd5 22. e6 $16 {1-0 Beliavsky,A-Ubilava,E/Ordzhonikidze 1978/EXT 2001 (47)})
13. Nb5 (13. Bb5 {-another mainline.}) 13... Bxb5 14. exf6 Bc6 {Black also has
other options: 14...g6 or 14...Ba4, but they also lead to a dangerous position
for him} ({Dubious are} 14... g6 $143 $6 15. Bxb5+ (15. Bd2 Qa4 16. Bxb5+ Qxb5
17. Bc3 $14) 15... Qxb5 16. h4 $36 {1/2-1/2 Inkiov,V-Nikolov,S/Sofia 1982/EXT
99 (41)}) ({and} 14... Ba4 $143 $6 {[%csl Rc2]} 15. Bd2 $1 Rxc2+ 16. Kb1 Rxd2
17. Rxd2 gxf6 18. Bd3 $1 Bc6 19. Rhd1 Be7 20. Be4 $16 {1-0 Videki,S-Kostic,V/
Hohenems 1998/EXT 99 (58)}) 15. h4 g6 {As the vaiations shown below prove,
another possible move, 15...Rg8 leads to initiative fo white.} (15... Rg8 16.
Bc4 gxf6 17. Rhe1 $5 Rg6 ({Not} 17... fxg5 $2 18. Bxe6 $1 fxe6 19. Qf6 $3 {
Decisive "silent" move!} (19. Rxe6+ $2 Be7 20. Rxe7+ Kxe7 $19 {0-1 Kupreichik,
V-Yudasin,L/Frunze 1981/URS-ch (30)}) 19... Qxe1 $8 20. Rxe1 $16) 18. Bxf6 $5 (
18. Bxe6 fxe6 19. Rxe6+ Kf7 20. Rxf6+ Kg8 21. Qc4+ Kh8 $13 {1/2-1/2
Tseshkovsky,V-Zaichik,G/Telavi 1982/MCD (26)}) 18... Bc5 19. Qf4 $40) 16. Bc4
Qc5 $146 {[%mdl 8] An unsuccessful novelty. Previously played only 16...Bc5
and the position is still unclear. Ftacnik: 'The first independent move in a
very sharp variation, black is fighting with the problem of dark squared
bishop development. Since it is difficult to see sensible defense later on
Sherbakov's move is probably not the best.'} (16... Bc5 $5 17. Qg4 (17. Qe5 Bb4
18. Qxa5 Bxa5 $132 {0-1 Sutovsky,E-Thorhallsson,T/Gausdal 1995/EXT 97 (52)})
17... h5 (17... O-O $2 18. h5 $18) 18. Qe2 (18. Qg3 $144 $5 O-O {and Black
eventually equalizes:} 19. Bxe6 Be4 $1 $13 {0-1 Groszpeter,A-Gyorkos,L/
Zalakaros 1994/TD (53)}) 18... O-O 19. Rhf1 {[%cal Gg2g4]} ({Black can be
satisfy by opening results also after} 19. Rhe1 $5 a6 20. Be3 Bb4 21. Bd2 Bb5
$132 {0-1 Brustman,A-Thorhallsson,T/Cappelle la Grande 1995/EXT 97 (59)}) 19...
Bb4 $132 {1-0 Almasi,Z-Miroshnichenko,E/Ohrid 2001/CBM 84/[Gofshtein,L] (23)} (
{Or} 19... Bd5 20. Bxd5 exd5 21. Kb1 {and here} Bb6 $1 ({Not} 21... Rfe8 22.
Qf3 d4 23. g4 $1 $16 {[%csl Rg8] 1-0 Varga,Z-Robatsch,K/Mitropa Cup 1995/CBM
46 ext/[Ernst] (27)}) 22. g4 Rfe8 23. Qg2 hxg4 24. Qxg4 (24. Rxd5 Re1+ $132)
24... Qc5 25. Qg2 $132)) 17. Qd3 {White holds control over the d-file and
makes it difficult fo black to develop his dark-squared bishop} Qf5 (17... b5
18. Bb3 Qf5 19. Bxe6 Qxd3 20. Bxc8 $16) 18. Qb3 $1 {Because of the threat Be6,
white has a desicive advantage} Rd8 19. Rdf1 Qg4 20. Bxe6 $1 fxe6 (20... Qxe6
21. Re1 Be4 22. Qa4+ b5 23. Qxb5+ Rd7 24. Qa4 Kd8 25. Rxe4 $18) 21. Rf4 Qe2 22.
f7+ Kd7 23. Rd4+ Bd6 24. Rhd1 Bd5 25. Rxd5 exd5 26. Qxb7+ 1-0

[Event "RUS-ch 56th"]
[Site "Krasnoyarsk"]
[Date "2003.09.11"]
[Round "8"]
[White "Svidler, Peter"]
[Black "Volkov, Sergey"]
[Result "1-0"]
[WhiteElo "2723"]
[BlackElo "2620"]
[Annotator "Psakhis,L"]
[PlyCount "107"]
[EventDate "2003.09.03"]
[EventType "swiss"]
[EventRounds "9"]
[EventCountry "RUS"]
[SourceTitle "CBM 098"]
[Source "ChessBase"]
[SourceDate "2004.02.03"]
[SourceVersion "1"]
[SourceVersionDate "2004.02.03"]
[SourceQuality "1"]

1. e4 e6 2. d4 d5 3. e5 c5 4. c3 Qb6 5. Nf3 Bd7 6. a3 a5 7. b3 (7. Bd3 Bb5 8.
dxc5 Bxc5 9. O-O Bxd3 10. Qxd3 Nc6 11. a4 Nge7 12. Na3 O-O 13. Nb5 Ng6 14. Qe2
Rae8 15. Kh1 f6 16. exf6 Rxf6 17. Bg5 Rf5 $36 {0-1 Bastian,H-Wiedenkeller,M/
OSW 0102 2002 (25)}) (7. Be2 a4 $5) 7... Na6 (7... Ne7 8. dxc5 $5 (8. Be2 cxd4
9. cxd4 Bb5 10. Bxb5+ Qxb5 11. Nc3 Qa6 12. a4 Nec6 13. Nb5 Qb6 14. O-O h6 15.
Ba3 Bxa3 16. Rxa3 O-O 17. Ra1 Na6 18. Rc1 Nc7 $11 {1/2-1/2 Zvjaginsev,V-Volkov,
S/RUS t-ch St.Petersburg 1999/CBM 71/[Psakhis,L] (20)}) 8... Qxc5 9. c4 Qc7 10.
Nc3 Bc6 11. Bb2 Nd7 12. cxd5 Nxd5 13. Nb5 $14 {0-1 Delchev,A-Volkov,S/EUR-ch
Batumi 2002/CBM 90 (39)}) 8. Be3 Rc8 9. Bd3 Ne7 $146 (9... Nh6 10. Bxh6 gxh6
11. O-O Bg7 12. Ra2 cxd4 13. cxd4 Bb5 14. Rd2 O-O 15. Bxb5 Qxb5 16. Rd3 Rc1 $1
17. Qxc1 Qxd3 $13 {Sveshnikov,E-Volkov,S/RUS t-ch Togliatti 2003/The Week in
Chess/0-1 (39)}) 10. O-O (10. dxc5 Nxc5 11. Bc2 Qa6 $13) 10... Nf5 11. Bxf5
exf5 12. Re1 c4 $6 {Mistake! After} (12... Be6 $132 {it will be not so easy
for White to get real advantage.}) 13. bxc4 $1 Rxc4 14. e6 $1 {[%mdl 2176]
White is ideally developed, now it is time for action! White frees the e5
square for the knight.} (14. Nfd2 Rc8 15. c4 $140 $2 Qb2 $1) 14... Bxe6 15. Ne5
{[%csl Re8]} Rc7 16. Qa4+ (16. c4 f6 $1 17. Qh5+ Kd8 18. cxd5 Bxd5 19. Nd3 g6
$15) 16... Kd8 17. c4 $5 {It looks that in this moment Svidler overstimated
his chances.A natural development of the initiative can be achieved by} (17.
Nd2 $5 Rxc3 (17... f6 18. Rab1 Qd6 19. Nd3 Qxa3 20. Qb5 $40) 18. Ndf3 $1 $40 {
[%cal Ge3d2]}) 17... f6 18. c5 (18. cxd5 Bxd5 19. Nc3 Bb3 20. d5 Bc5 $5 $132 (
20... Nc5 21. Qh4 $1 g5 $140 22. Bxg5 fxg5 23. Qxg5+ Kc8 24. Nc4 $5 $40)) 18...
Qb2 19. Nd3 Qxa1 20. Qxa5 Qa2 $6 {A critical position of the variation,since
it is the end of series of forced moves, but it looks, that Volkov made now
serious mistake.} ({In the case of} 20... f4 21. Nxf4 Bf7 22. Nd3 {or}) (20...
g5 21. Nc3 Qxe1+ (21... b6 22. Qxa6 Qxc3 23. cxb6 $16) 22. Nxe1 f4 23. Bd2 Ke8
24. Nd3 {[%cal Rd3b4] white's advantage is obvious, but Black could play}) (
20... Bc8 $5 {[%cal Rc8a6] (Svidler) with possible continuation} 21. Nd2 (21.
Nc3 b6 $1 22. cxb6 Qxc3 23. bxc7+ Qxc7) 21... b6 $1 (21... Qa2 22. Bf4 $18) 22.
cxb6 Qxa3 23. bxc7+ Nxc7 24. Qb6 Qa6 $13) 21. Bf4 Qc4 22. Nb4 {[%csl Gb4] An
optimal place for the knight} Ke8 $8 (22... Qxd4 23. Nxa6 Qxf4 24. g3 bxa6 25.
gxf4 Bf7 26. c6 $18) 23. Bxc7 (23. Nxa6 Re7 $1 24. Nc7+ Kf7 25. Bd6 Bd7 26.
Bxe7 Bxe7 27. Qb6 Bc6 $14) 23... Kf7 (23... Nxb4 24. axb4 Kf7 25. Qb6 Bc8 26.
Bf4 $40) 24. Qb6 Bc8 (24... Nxc7 25. Qxc7+ Be7 26. Qxb7 $18) 25. Nxa6 Qxa6 $6 (
{Maybe} 25... bxa6 $142 26. Qb4 $16 {was the better choice}) 26. Qxa6 bxa6 27.
Nc3 Be6 28. Rb1 $18 Be7 29. Rb7 {[%cal Rc7d6]} Re8 (29... Bc8 30. Ra7 Ke6 31.
Na4 $18) 30. f3 (30. f4 $5) 30... g5 31. Ra7 f4 32. Bd6 (32. Kf2 $5) 32... Kf8
33. Rxa6 Bxd6 34. Rxd6 Bf7 35. Nxd5 (35. Rxf6 $5 Re3 36. Nxd5 Rxa3 37. h4 $18)
(35. c6 $5 {[%csl Gc6]}) 35... Re1+ 36. Kf2 Rc1 (36... Ra1 37. Nxf6) 37. Ke2 (
37. Nxf6 $5 $18) 37... Rc2+ 38. Kd1 (38. Ke1 $142 $5 Rxg2 39. c6 Rc2 40. Rd8+
Kg7 41. c7 Bxd5 42. c8=Q Rxc8 43. Rxc8 Bxf3 44. a4 $18) 38... Rxg2 {Suddenly
Black is back in the game! White is still winning, but he has to be very
careful.} 39. c6 Bh5 $1 {Having obtained his chance, Volkov skilfully sharpens
the position.} 40. c7 Bxf3+ 41. Kc1 Rg1+ (41... Bg4 42. Nxf6) 42. Kd2 (42. Kb2
$5 Rg2+ 43. Kc3 Bg4 44. Nxf6 Bf5 45. Rd5 $1 $18) 42... Rg2+ 43. Ke1 Re2+ (43...
Bg4 $140 $5 44. Nxf6 Bh3 45. Nd7+ Ke7 46. c8=Q Kxd6 47. Qe8 $1 Rg1+ (47... f3
48. Ne5 f2+ 49. Ke2 $18) 48. Kf2 Rf1+ 49. Ke2 f3+ 50. Kd2 f2 (50... Bxd7 51.
Qe5+ Kc6 52. Qc5+ Kb7 53. Qb4+ $1 Ka7 54. Qe7 $18) 51. Ne5 Rd1+ $8 52. Ke3
f1=N+ 53. Ke2 Rxd4 54. Nf3 $18) 44. Kf1 Rc2 45. Rd8+ Kf7 46. c8=Q Rxc8 47. Rxc8
Bxd5 48. a4 $18 Ke6 49. a5 Kd7 50. Rc3 Bb7 (50... h5 51. a6 h4 52. a7 g4 53.
Rc5 Bb7 54. Rh5 $18) 51. Rb3 Ba6+ 52. Kf2 f5 53. Rb6 Bc8 54. d5 1-0

[Event "EU-Cup 19th"]
[Site "Rethymno"]
[Date "2003.10.01"]
[Round "4.2"]
[White "Svidler, Peter"]
[Black "Gelfand, Boris"]
[Result "1/2-1/2"]
[WhiteElo "2723"]
[BlackElo "2695"]
[Annotator "Erenburg,S"]
[PlyCount "59"]
[EventDate "2003.09.28"]
[EventType "team-swiss"]
[EventRounds "7"]
[EventCountry "GRE"]
[SourceTitle "CBM 098"]
[Source "ChessBase"]
[SourceDate "2004.02.03"]
[SourceVersion "1"]
[SourceVersionDate "2004.02.03"]
[SourceQuality "1"]
[WhiteTeam "Paris NAO"]
[BlackTeam "Warsaw Polonia"]
[WhiteTeamCountry "FRA"]
[BlackTeamCountry "POL"]

{[%mdl 8192]} 1. e4 c5 2. Nf3 Nc6 3. Bb5 g6 4. O-O Bg7 5. c3 Nf6 6. Qa4 $5 {
[%cal Yd2d4] Creative move. White protects his central e4 pawn, and, at the
same time disturbs black to complete the development of the queenside. Other
theoretical possibilities, which more popular are:} (6. e5) (6. Re1 O-O 7. d4 (
7. h3 {1-0 Akobian,V-Kretchetov,A/Los Angeles 2003/CBM 97_01/[Erenburg] (39)})
7... d5 {1-0 Rozentalis,E-Nataf,I/Montreal 2003/CBM 97_01/[Erenburg] (29)})
6... O-O (6... Qb6 $5 7. Re1 O-O 8. h3 Rd8 9. Na3 d6 10. Nc4 Qc7 11. Bxc6 bxc6
12. e5 Nd5 13. d4 cxd4 14. Nxd4 dxe5 15. Nf3 f6 $17 {Totsky,L-Yakovich,Y/
RUS-Cup4 1997/CBM 58/0-1 (43)}) 7. d4 {White provides the main idea of his
previous move. He sacrifices the e4 pawn, but hopes to get a very strong
initiative.} cxd4 8. cxd4 d6 $5 {Black isn't accpeting the challenge, but
offers the pawn sacrifice by himself. He hopes to get a sufficient
compensation, thanks to white's passive pieces on the queenside. Black tried
also} (8... d5 {1-0 Totsky,L-Lopushnoy,D/St Petersburg 1997/CBM 62/[Yakovich] 
(60)}) (8... Nxe4 $6 9. d5 Nc5 10. Qa3 $1 $36 {/+/- Totsky,L-Grebenkin/
Rus-Cup5 1997;EXP 57 (22)}) 9. Bxc6 {White chooses the most principal
continuation. He has the following possibilities as well:} (9. Nc3 Bd7 (9...
Bg4 10. d5 Nb8 11. Be2 Nbd7 12. Be3 a6 13. Qb4 Qb8 14. h3 Bxf3 15. Bxf3 $14 {
1/2-1/2 Potkin,V-Gagarin,V/Moscow 2000/EXT 2001 (43)}) 10. d5 Nb8 11. Be3 a6
12. Bxd7 Nbxd7 13. Qb3 $14 {0-1 Morozevich,A-Anand,V/Frankfurt 2000/CBM 78 (34)
}) (9. d5 Nb8 10. Nc3 Nbd7 11. Be3 a6 12. Be2 Ng4 13. Bd2 (13. Bd4 $5) 13...
Nge5 14. Ne1 Nc5 15. Qc2 f5 $11 {1/2-1/2 Totsky,L-Mochalov,E/Spasskoe 1996/EXT
99 (48)}) 9... bxc6 10. Qxc6 Bg4 11. Nbd2 (11. Nc3 Qa5 $1 {[%cal Gg4f3,Gf8c8]})
11... Qc8 $146 {New move. In the fresh game black continued} (11... Rc8 12. Qa4
Qb6 13. Re1 Qb7 14. Qb3 (14. d5 $5) (14. e5 $5) 14... Qxb3 15. Nxb3 (15. axb3
Rc7 $11) 15... Rc2 16. h3 Bxf3 17. gxf3 Rfc8 $44 {0-1 Alekseev,E-Ramirez,A/
Open, Santo Domingo DOM 2003 (67)}) 12. Qxc8 (12. Qa4 {seems dubious, in view
of} Bxf3 13. gxf3 Qh3 $44) 12... Rfxc8 13. Re1 Bh6 {Black puts some pressure
on the white pieces. It's not so clear how can black use his development
advantage in other way:} (13... Rc2 14. Nf1 Bxf3 15. gxf3 Rac8 16. Ne3 R2c7 17.
Bd2 $16) (13... Rab8 14. b3) 14. Nc4 $1 {This move solves all white's problems
with the development.} (14. e5 Nd5) (14. Nb3 Bxc1 15. Raxc1 Rxc1 16. Nxc1 Rc8
$44) 14... Bxc1 (14... Rxc4 15. Bxh6 Bxf3 16. gxf3 Rxd4 17. Rac1 $14) (14...
Bg7 15. Nfd2 $14) 15. Raxc1 d5 {Other moves lead to white's slight edge as
well:} (15... Nxe4 16. Rxe4 Bxf3 17. gxf3 d5 18. Rxe7 Rxc4 19. Rxc4 dxc4 20.
Rc7 $16) (15... Bxf3 16. gxf3 d5 {-the game.}) 16. exd5 $2 {Quite serious
mistake. White throws away his advantage, while after} (16. Nce5 Bxf3 (16...
dxe4 17. Ng5) 17. gxf3 Rxc1 18. Rxc1 dxe4 19. Rc7 Kf8 20. fxe4 Nxe4 21. Nc6 $16
{he has a pleasant prospects.}) 16... Bxf3 17. gxf3 Nxd5 $44 {Black has some
compensation, thanks to a better pawn structure and to very strong knight on
d5.} 18. Na5 Kg7 (18... e6 $5) 19. Kf1 Nf4 {Black starts to play agressive.
Probably, Boris wanted to get more than a draw. He could equalize easily with}
(19... e6 {[%cal Gd5b4]} 20. Nc6 a5 $11) 20. Red1 (20. Rxc8 Rxc8 21. Rxe7 Rc2
$44) 20... Rd8 $6 {I think, black shouldn't give up on "c" file. He doesn't
hurry to play e7-e6, as he wants to keep the option of transfer the rook to h6
via 6-th rank.} (20... Rab8 21. b3 e6) 21. b4 Rd6 (21... Rd7 22. Nc6 Rc8 23. b5
) 22. Nc6 Rc8 $1 (22... e6 23. b5) 23. Nxa7 (23. b5 Rc7 $1 {[%cal Yg6g5,Gd6h6]}
) 23... Ra8 {Black is going to eliminate one of the white's pawns on the
queenside, thus, improving his chances for a draw.} (23... Rxc1 24. Rxc1 Rxd4
25. Rb1 Rd2 26. b5 Nh3 27. Kg2 $1 Nf4+ (27... Nxf2 28. b6) 28. Kh1 $18) 24. Nc8
(24. Rc7 Nd5 25. Rb7 Ra6 $11) (24. Nb5 Rb6 25. Rc5 Ne6 $11) 24... Rda6 25. a4
$1 (25. Nxe7 $2 Rxa2 {[%cal Gf4h3]}) 25... Nd5 $1 {covering the b6 square and
attacking the b4 pawn.} (25... Rxa4 26. Nb6) 26. a5 (26. b5 Rxa4) 26... Nxb4 {
Probably the best continuation, while after} (26... e6 27. Rc4 Rb8 28. Nb6 Nxb6
29. Rc6 Raa8 30. axb6 Ra6 31. d5 exd5 32. Rxd5 Raxb6 33. Rxb6 Rxb6 34. Rd4 $16
{White's chances are quite high.} (34. b5 Kf6 $11)) 27. Nxe7 $2 {throwing away
the advantage. White had more chances after} (27. d5 $1 Rxa5 (27... Kf6 28. Rd4
$1 $16 {[%cal Gd4f4]}) 28. Nxe7) 27... Re6 $1 {Maybe this move was overlooked
by white...} 28. Rc4 (28. Re1 Rxa5 29. Rxe6 fxe6 30. Rc7 Kh8 $1 $11 {[%cal
Gb4d5,Ge6e5]}) 28... Rxe7 29. Rxb4 Rxa5 30. d5 (30. d5 Rd7 $11) 1/2-1/2